Fracture process of concrete (Record no. 529043)

000 -LEADER
fixed length control field 00301nam a22001337a 4500
003 - CONTROL NUMBER IDENTIFIER
control field NUST
038 ## - RECORD CONTENT LICENSOR
Staff Name MSOHAIL
082 ## - DEWEY DECIMAL CLASSIFICATION NUMBER
Classification number 620.1366
100 ## - MAIN ENTRY--PERSONAL NAME
Personal name Jan. G.M.Vanmier
9 (RLIN) 20913
245 ## - TITLE STATEMENT
Title Fracture process of concrete
260 ## - PUBLICATION, DISTRIBUTION, ETC.
Place of publication, distribution, etc. London
Name of publisher, distributor, etc. CRC Press
Date of publication, distribution, etc. 1996
300 ## - PHYSICAL DESCRIPTION
Extent 448,p;
Dimensions 27cm
942 ## - ADDED ENTRY ELEMENTS (KOHA)
Source of classification or shelving scheme
Koha item type Book
Holdings
Withdrawn status Lost status Source of classification or shelving scheme Damaged status Not for loan Permanent Location Current Location Date acquired Total Checkouts Full call number Barcode Date last seen Price effective from Koha item type
          School of Civil and Environmental Engineering (SCEE) School of Civil and Environmental Engineering (SCEE) 09/18/2019   620.1366 NIT-10665 09/18/2019 09/18/2019 Book
© 2023 Central Library, National University of Sciences and Technology. All Rights Reserved.